Statistics for March 21st: Birthdays

Click here to take the quiz!

General Stats

  • This quiz has been taken 6 times
  • The average score is 2 of 8

Answer Stats

YearClueAnswer% Correct
1960Brazilian auto racerAyrton Senna
67%
1962Actor in WarGamesMatthew Broderick
50%
1958Actor on Sid & NancyGary Oldman
33%
1955President of BrazilJair Bolsonaro
33%
1962Actress in FlintstoneRosie O'Donnell
33%
1980Soccer/Football StarRonaldinho
17%
1869Known as the Architect of DetroitAlbert Kahn
0%
1856First African-American to graduate from USMAHenry Flipper
0%

Score Distribution

Percentile by Number Answered

Percent of People with Each Score

Your Score History

You have not taken this quiz